000 00512nam a2200181 a 4500
001 1761133129391
003 YourLibrary
005 20251022170956.0
008 251022s2004##################000#0#eng##
020 _a8876421432
082 0 4 _a597.9596
_bPER
100 1 _aPintacuda, Guido,
_eauthor.
245 1 0 _aNMR and NIR-CD studies on lanthanide complexes in solution :
260 _bEdizioni della Normale,
_c2004.
650 0 _aMathematics.
942 _cENGLISH
040 _aYourLibrary
_beng
_cYourLibrary
999 _c592653
_d592653